000 00582nam a2200193 a 4500
001 000034602
005 20200930073806.0
008 111010s2005 sp 000 0 spa d
020 _a8497647041
040 _aDO-SdBNP
_bspa
_cBNPHU
082 _axxxx
_bI14c
100 1 _aIbsen, Henrik,
_d1828-
_960041
240 1 0 _aEt dukkehjem
_lEspañol
245 1 0 _aCasa de muñecas. /
_cHenrik Johan Ibsen.
260 _aMadrid :
_bEDIMAT Libros,
_c2005.
300 _a121 p ;
_c20 cm.
490 1 _aClásicos de la literatura.
_aTeatro
830 0 _aClásicos de la literatura.
_pTeatro
_960039
999 _c34093
_d34093